The World's 50 Largest Cities by Letter - X - Statistics

General Stats
  • This quiz has been taken 512 times
  • The average score is 5 of 50
Answers on the Map
Answers color-coded by a green-red scale on the quiz's map according to % correct below.
 
Answer Stats
# Population Country Urban Area % Correct
1 6,818,858 China Xi'an
99%
2 4,261,898 China Xiamen
86%
3 2,365,084 China Xuzhou
45%
13 789,157 Mexico Xalapa
31%
5 1,565,045 China Xining
31%
4 2,045,615 China Xinxiang
23%
40 267,576 China Xiangyin
19%
19 535,509 China Xinyang
16%
6 1,358,087 China Xiangyang
15%
14 781,231 China Xianyang
15%
9 1,142,204 China Xingtai
13%
29 341,879 China Xinzhou
12%
7 1,326,397 China Xuchang
12%
8 1,207,445 China Xiangtan
11%
35 307,420 China Xinji
9%
41 252,233 China Xinyi (Guangdong)
9%
33 330,084 China Xinyi (Jiangsu)
9%
11 860,509 China Xinyu
7%
36 299,604 China Xilinhot
6%
31 333,802 China Xianning
5%
10 873,832 China Xiaogan
5%
27 414,822 China Xichang
4%
42 243,795 China Xuwen
4%
22 519,711 China Xiantao
3%
18 555,886 China Xintai
3%
44 229,057 China Xiangxiang
2%
48 211,620 China Xingcheng
2%
25 461,445 China Xinghua
2%
30 341,542 China Xingyi
2%
20 522,684 China Xinhua
2%
34 327,272 China Xinjin
2%
17 626,345 China Xinmi
2%
21 521,930 China Xinzheng
2%
47 213,246 China Xiping
2%
24 483,971 China Xuancheng
2%
37 296,943 China Xiajin
1%
16 674,815 China Xiangcheng
1%
49 208,692 China Xianghe
1%
43 234,476 China Xiangshan
1%
23 485,017 China Xianyou
1%
38 283,063 China Xiaoyi
1%
45 220,534 China Xinfeng
1%
15 731,335 China Xingning
1%
12 843,081 China Xingping
1%
26 425,977 China Xuanhua
1%
32 333,379 China Xushui
1%
50 202,785 China Xingguo
0%
46 220,394 China Xinle
0%
39 270,905 China Xinqiao
0%
28 359,948 China Xuanwei
0%
No matching quizzes found
Score Distribution
Percent of People with Each Score
Percentile by Number Answered
Your Score History
You have not taken this quiz